Система поддержки производства полупроводниковых приборов как часть интернета вещей; Вестник науки Сибири; № 4 (10)

Bibliografische gegevens
Parent link:Вестник науки Сибири: электронный научный журнал/ Томский политехнический университет (ТПУ).— , 2011-.— 2226-0064
№ 4 (10).— 2013.— [С. 132-135]
Hoofdauteur: Нечаев К. А. Кирилл Алексеевич
Coauteur: Национальный исследовательский Томский политехнический университет (ТПУ) Институт кибернетики (ИК) Кафедра компьютерных измерительных систем и метрологии (КИСМ)
Andere auteurs: Стукач О. В. Олег Владимирович
Samenvatting:Заглавие с титульного листа
Рассматривается применение идеологии Интернета вещей в перспективных системах поддержки производственных процессов в электронной промышленности. Приводится пример реализации подсистемы.
Taal:Russisch
Gepubliceerd in: 2013
Reeks:Информационные технологии и системы управления
Onderwerpen:
Online toegang:http://earchive.tpu.ru/handle/11683/16337
Formaat: MixedMaterials Elektronisch Hoofdstuk
KOHA link:https://koha.lib.tpu.ru/cgi-bin/koha/opac-detail.pl?biblionumber=527782

MARC

LEADER 00000naa2a2200000 4500
001 527782
005 20231101111942.0
035 |a (RuTPU)RU\TPU\prd\211779 
035 |a RU\TPU\prd\211696 
090 |a 527782 
100 |a 20140131d2013 k y0rusy50 ca 
101 0 |a rus 
102 |a RU 
135 |a drnn ---uucaa 
181 0 |a i  
182 0 |a b 
200 1 |a Система поддержки производства полупроводниковых приборов как часть интернета вещей  |f К. А. Нечаев, О. В. Стукач 
203 |a Текст  |c электронный 
215 |a 1 файл (586 Кб) 
225 1 |a Информационные технологии и системы управления 
230 |a Электронные текстовые данные (1 файл : 586 Кб) 
300 |a Заглавие с титульного листа 
320 |a [Библиогр.: с. 135 (2 назв.)] 
330 |a Рассматривается применение идеологии Интернета вещей в перспективных системах поддержки производственных процессов в электронной промышленности. Приводится пример реализации подсистемы. 
337 |a Adobe Reader 
461 1 |0 (RuTPU)RU\TPU\prd\143680  |x 2226-0064  |t Вестник науки Сибири  |o электронный научный журнал  |f Томский политехнический университет (ТПУ)  |d 2011- 
463 1 |0 (RuTPU)RU\TPU\prd\211275  |t № 4 (10)  |v [С. 132-135]  |d 2013 
610 1 |a труды учёных ТПУ 
610 1 |a электронный ресурс 
610 1 |a полупроводниковые приборы 
610 1 |a производственные процессы 
610 1 |a электронная промышленность 
610 1 |a полупроводники 
700 1 |a Нечаев  |b К. А.  |g Кирилл Алексеевич 
701 1 |a Стукач  |b О. В.  |c специалист в области информатики и вычислительной техники  |c профессор Томского политехнического университета, доктор технических наук  |f 1966-  |g Олег Владимирович  |2 stltpush  |3 (RuTPU)RU\TPU\pers\28991 
712 0 2 |a Национальный исследовательский Томский политехнический университет (ТПУ)  |b Институт кибернетики (ИК)  |b Кафедра компьютерных измерительных систем и метрологии (КИСМ)  |h 66  |2 stltpush  |3 (RuTPU)RU\TPU\col\18706 
801 1 |a RU  |b 63413507  |c 20090623  |g PSBO 
801 2 |a RU  |b 63413507  |c 20180115  |g PSBO 
856 4 |u http://earchive.tpu.ru/handle/11683/16337 
942 |c BK